Better school buildings for Alabama; (Record no. 22131)
[ view plain ]
| 000 -LEADER | |
|---|---|
| fixed length control field | 00999cam a22002771 4500 |
| 001 - CONTROL NUMBER | |
| control field | e 50000027 |
| 003 - CONTROL NUMBER IDENTIFIER | |
| control field | DLC |
| 005 - DATE AND TIME OF LATEST TRANSACTION | |
| control field | 20260227111234.0 |
| 008 - FIXED-LENGTH DATA ELEMENTS--GENERAL INFORMATION | |
| fixed length control field | 860908s1950 alu s001 0 eng |
| 010 ## - LIBRARY OF CONGRESS CONTROL NUMBER | |
| LC control number | e 50000027 |
| 035 ## - SYSTEM CONTROL NUMBER | |
| System control number | (OCoLC)14194209 |
| 040 ## - CATALOGING SOURCE | |
| Original cataloging agency | DLC |
| Transcribing agency | ATrT |
| Modifying agency | DLC |
| 042 ## - AUTHENTICATION CODE | |
| Authentication code | premarc |
| 050 00 - LIBRARY OF CONGRESS CALL NUMBER | |
| Classification number | L116 |
| Item number | .B2 1950, no. 3 |
| 082 ## - DEWEY DECIMAL CLASSIFICATION NUMBER | |
| Classification number | 371.6 |
| 100 1# - MAIN ENTRY--PERSONAL NAME | |
| Personal name | Letson, J. W. |
| 245 10 - TITLE STATEMENT | |
| Title | Better school buildings for Alabama; |
| Remainder of title | a planning manual. |
| 260 ## - PUBLICATION, DISTRIBUTION, ETC. | |
| Place of publication, distribution, etc. | Montgomery, |
| Name of publisher, distributor, etc. | Dept. of Education |
| Date of publication, distribution, etc. | [1950] |
| 300 ## - PHYSICAL DESCRIPTION | |
| Extent | vi, 283 p. |
| Dimensions | 23 cm. |
| 490 1# - SERIES STATEMENT | |
| Series statement | Alabama. Dept. of Education. Bulletin, |
| Volume/sequential designation | 1950, no. 3 |
| 501 ## - WITH NOTE | |
| With note | With: Administrator's handbook of school transportation / D. P. Culp. Montgomery : Dept. of Education, 1950. Bound together subsequent to publication. |
| Institution to which field applies | DLC |
| 504 ## - BIBLIOGRAPHY, ETC. NOTE | |
| Bibliography, etc. note | Bibliography: p. 274-278. |
| 650 #0 - SUBJECT ADDED ENTRY--TOPICAL TERM | |
| Topical term or geographic name entry element | School buildings |
| Geographic subdivision | Alabama. |
| 710 1# - ADDED ENTRY--CORPORATE NAME | |
| Corporate name or jurisdiction name as entry element | Alabama. |
| Subordinate unit | Department of Education. |
| 830 #0 - SERIES ADDED ENTRY--UNIFORM TITLE | |
| Uniform title | Bulletin (Alabama. Department of Education) ; |
| Volume/sequential designation | 1950, no. 3 |
No items available.